[Event "Latin Cup"]
[Site "Montevideo"]
[Date "2011.11.03"]
[Round "3"]
[White "Solari, Pablo"]
[Black "Sanchez Britos, Ezequiel"]
[Result "1-0"]
[WhiteElo "1663"]
[BlackElo "1682"]
[PlyCount "87"]
[EventDate "2011.11.01"]
[EventType "swiss"]
[EventRounds "9"]
[EventCountry "URU"]
[SourceTitle "EXT 2012"]
[Source "ChessBase"]
[SourceDate "2011.11.24"]
[SourceVersion "1"]
[SourceVersionDate "2011.11.24"]
[SourceQuality "1"]

1. b4 e5 2. Bb2 Bxb4 3. Bxe5 Nf6 4. e3 0-0 5. Nf3 d6 6. Bc3 Bxc3 7. Nxc3 Bg4 8. Be2 Bxf3 9. Bxf3 Nc6 10. 0-0 a6 11. d4 d5 12. Rb1 Rb8 13. Na4 b5 14. Nc5 Nd7 15. Bxd5 Ne7 16. Nxd7 Qxd7 17. Bf3 Qe6 18. Rb2 a5 19. Qd3 c6 20. Rfb1 Qc4 21. Qxc4 bxc4 22. Rxb8 Nc8 23. Bxc6 g6 24. Bd7 Kg7 25. Rxc8 Rxc8 26. Bxc8 Kf6 27. h4 Kg7 28. Rb7 h5 29. Be6 Kf6 30. Bxf7 Kg7 31. Bxc4+ Kf6 32. Bd3 Ke6 33. c4 Kf6 34. Rb6+ Kf7 35. Bxg6+ Kg7 36. Bxh5 Kh7 37. Rg6 a4 38. Kh2 Kh8 39. Kg3 a3 40. Kf4 Kh7 41. Kf5 Kh8 42. Kf6 Kh7 43. Kf7 Kh8 44. Rh6# 1-0

[Event "Latin Cup"]
[Site "Montevideo"]
[Date "2011.11.01"]
[Round "1"]
[White "Colombo, Camila"]
[Black "Sanchez Britos, Ezequiel"]
[Result "1-0"]
[WhiteElo "2096"]
[BlackElo "1682"]
[PlyCount "47"]
[EventDate "2011.11.01"]
[EventType "swiss"]
[EventRounds "9"]
[EventCountry "URU"]
[SourceTitle "EXT 2012"]
[Source "ChessBase"]
[SourceDate "2011.11.24"]
[SourceVersion "1"]
[SourceVersionDate "2011.11.24"]
[SourceQuality "1"]

1. d4 d5 2. c4 Nf6 3. Nc3 Be6 4. Nf3 g6 5. cxd5 Bxd5 6. Nxd5 Nxd5 7. e4 Nb6 8. Bb5+ N6d7 9. 0-0 Bg7 10. Bf4 0-0 11. Rc1 a6 12. Bxc7 Qe8 13. Ba4 b5 14. Bb3 Bh6 15. Rc2 Ra7 16. Bg3 a5 17. a4 b4 18. Bc4 Nc6 19. Bb5 Nd8 20. Ne5 Bg7 21. Nxd7 Rxd7 22. d5 e6 23. Bd6 b3 24. Rc7 1-0